000 00532nam a2200217Ia 4500
003 OSt
005 20220926045225.0
006 a|||||r|||| 00| 0
007 ta
008 220923b |||||||| |||| 00| 0 eng d
037 _cGeneral Book
040 _aRTL
_cRTL
_beng
041 _2eng
_aeng
082 _aX71.236.N73, L3/GD
245 0 _aBudget
_b Gujrat, 1973-74.
260 _c1973
300 _a94 p
_ccm.
490 _vPt.1
942 _hX71.236.N73, L3/GD
_cGB
_2CC
999 _c676996
_d676996